01128nam a2200265 i 4500001000700000003000900007005001700016007000300033008004100036020001800077080003400095080002300129100005000152245014600202260004400348300002200392490002700414600006700441651008300508700002900591830003500620852006600655999001900721952012200740105046ES-MaACL20250801063031.0t|060607s1996 fr |||| |dfre d a2-204-05353-8 a929 Casas, Bartolomé de las a98(=60)"1492/1600"1 aCasas, Bartolomé de las,d1474-1566914025114aUne plume áa la force d'un glaive b: lettres choisies / cBartolomé de las Casas ; traduction, commentaires et notes par Charles Gillen. aParis : bLes Editions du Cerf, c1996. a412 p. ; c20 cm.1 aSagesses chrétiennes14aCasas, Bartolomé de las,d1474-1566-vCorrespondencia936187 4aAmérica española-xHistoria-y1492-1600 (Descubrimiento y conquista)977241 aGuillen, Charles.9607610 aSagesses chrétiennes9232682 aES-MaACLjE-11264 z. - Biblioteca Jacinto Martínez Lacalle c105046d105046 00104070aATENEOMbATENEOMcDEPO2d2008-01-17eSCl0oE-11264p1109671r2023-02-23 00:00:00w2023-02-23yMONOGRAFIA